000 01810nam a2200217 4500
005 20250401160915.0
008 250401b |||||||| |||| 00| 0 eng d
020 _a9781647254483
037 _cTextual
040 _aRTL
_cRTL
084 _aXM5:8 R3
_qRTL
245 _aCorporate Responsibility and Sustainable Development: an integrative perspective
260 _aNew York
_bNY Research Press
_c2023
300 _avii, 251p.
_bIncludes bibliographical references and index
520 _aCorporate responsibility (CR) refers to the effect of an organization on the economy, society, and the environment. Sustainable development is referred to as the development that satisfies the requirements of the current generation without jeopardizing the capacity of future generations to satiate their needs. CR and sustainable development are related concepts, which directly impact corporate governance. Both of these emphasize on making efforts to protect, recycle and regenerate the environment. CR helps businesses in gaining loyalty and trust of their stakeholders by promising to generate profits in a sustainable manner. It aims to integrate environmental, economic and social obligations into business operations. It also aims to establish sustainable business growth and demonstrate a good influence on the consumers, environment, communities, employees, and shareholders. This book presents an integrative perspective on corporate responsibility and sustainable development. It is appropriate for those seeking detailed information in this area of study.
650 _aSocial responsibility of business
_935928
650 _aSustainable development
_9438223
650 _aIndustries--Environmental aspects
_9751698
700 _aJones, Bryce
_eEditor
_9751699
942 _2CC
_n0
_cTB
_hXM5:8 R3
999 _c1308357
_d1308357